000 00444nam a2200109Ia 4500
008 160909s9999 xx 000 0 und d
100 _aMahaffey, Michelle
245 2 _aA yoga program as a complementary and alternative intervention for adults experiencing symptoms of grief: A grant proposal
260 _bCalifornia State University, Long Beach.
_c2016
650 _aNursing
856 _uhttp://pqdtopen.proquest.com/doc/1809108594.html?FMT=ABS
999 _c303972
_d303972